Roshani Speeches (Urdu) / (Record no. 187791)
[ view plain ]
| 000 -LEADER | |
|---|---|
| fixed length control field | 00453 a2200169 4500 |
| 003 - CONTROL NUMBER IDENTIFIER | |
| control field | Nust |
| 005 - DATE AND TIME OF LATEST TRANSACTION | |
| control field | 20230221102716.0 |
| 040 ## - CATALOGING SOURCE | |
| Transcribing agency | Nust |
| 082 ## - DEWEY DECIMAL CLASSIFICATION NUMBER | |
| Classification number | 297,HAS |
| 100 ## - MAIN ENTRY--PERSONAL NAME | |
| Personal name | Hashmi, Syed Mohamad Mateen |
| 9 (RLIN) | 109291 |
| 245 ## - TITLE STATEMENT | |
| Title | Roshani Speeches (Urdu) / |
| Statement of responsibility, etc. | Moulana Syed Mohammad Mateen Hashmi |
| 260 ## - PUBLICATION, DISTRIBUTION, ETC. | |
| Place of publication, distribution, etc. | Lahre |
| Name of publisher, distributor, etc. | Muktaba Rawait |
| Linkage | 2002 |
| 300 ## - PHYSICAL DESCRIPTION | |
| Extent | 301:p |
| 538 ## - SYSTEM DETAILS NOTE | |
| System details note | Almirah No.58 and Shelf No.6 |
| 650 ## - SUBJECT ADDED ENTRY--TOPICAL TERM | |
| Topical term or geographic name entry element | Way of Life |
| 9 (RLIN) | 109292 |
| 942 ## - ADDED ENTRY ELEMENTS (KOHA) | |
| Source of classification or shelving scheme | |
| Koha item type | Book |
| Withdrawn status | Lost status | Source of classification or shelving scheme | Damaged status | Not for loan | Permanent Location | Current Location | Shelving location | Date acquired | Full call number | Barcode | Date last seen | Price effective from | Koha item type | Public note |
|---|---|---|---|---|---|---|---|---|---|---|---|---|---|---|
| Military College of Signals (MCS) | Military College of Signals (MCS) | General Stacks | 12/12/2016 | 297,HAS | MCS31424 | 12/08/2016 | 12/12/2016 | Book | Almirah No.63, Shelf No.2 |
